banner-ar

EXCAVATIONS AT HELIOPOLIS, ANCIENT EGYPTIAN OYNU / (Record no. 17446)

MARC details
000 -الفاتح
حقل البيانات ثابتة الطول 00521nam a2200181Ia 4500
008 - عناصر البيانات ثابتة الطول - معلومات عامة
حقل البيانات ثابتة الطول 140319s9999 xx 000 0 eng d
040 ## - مصدر الفهرسة
وكالة الفهرسة الأصلية GCL /
وكالة النسخ GCL
082 04 - رقم تصنيف ديوى العشرى
رقم التصنيف CC
رقم المادة 932.01
-- A E
100 1# - المدخل الرئيسى - إسم شخصى
الإسم الشخصى SALEH, ABDEL AZIZ
245 10 - بيان العنوان
العنوان EXCAVATIONS AT HELIOPOLIS, ANCIENT EGYPTIAN OYNU /
بيان المسئوليه,etc SALEH, ABDEL AZIZ
260 ## - PUBLICATION, DISTRIBUTION, ETC. (IMPRINT)
تاريخ النشر أو التوزيع 1983
650 04 - المدخل الاضافى بالموضوع-مصطلح موضوعى
مصطلح موضوعي EGYPTOLOGY
650 04 - المدخل الاضافى بالموضوع-مصطلح موضوعى
مصطلح موضوعي ANCIENT EGYPTIAN
650 04 - المدخل الاضافى بالموضوع-مصطلح موضوعى
مصطلح موضوعي OUNU
650 04 - المدخل الاضافى بالموضوع-مصطلح موضوعى
مصطلح موضوعي HELIOPOLIS (EGYPT)
942 ## - عناصر المدخل الإضافي( كوها)
مصدر التصنيف او مخطط الترفيف Dewey Decimal Classification
Koha [default] item type كتاب
260 ## - PUBLICATION, DISTRIBUTION, ETC. (IMPRINT)
-- [S.N] :
-- CAIRO UNIVERSITY, FACULTY OF ARCHAELOGY ،
Holdings
حالة التراجع حالة الفقد حالة تلف ليس للاعارة المكان المؤقت الموقع الحالى تاريخ الاكتساب اجمالي اﻻعارات رقم الطلب الباركود تاريخ اخر مشاهدة تاريخ تفعيل السعر نوع وعاء كوها
        مكتبة القاهرة الكبرى مكتبة القاهرة الكبرى 03/26/2014   CC\932.01\A E 31567 03/26/2014 03/26/2014 كتاب

Powered By

EGPV